|
|
|
|
| LEADER |
01289nam a2200265 a 4500 |
| 008 |
100525s2001 enk 000 1 eng d |
| 020 |
|
|
|a 1853260622
|
| 040 |
|
|
|a DLC
|c DLC
|d DLC
|d BD-DhAAL
|
| 082 |
0 |
0 |
|a 891.73/3
|2 20
|
| 100 |
1 |
|
|a Tolstoy, Leo,
|c graf,
|d 1828-1910.
|
| 240 |
1 |
0 |
|a Voĭna i mir.
|l English
|
| 245 |
1 |
0 |
|a War and peace /
|c Leo Tolstoy ; translated by Louise and Aylmer Maude, introduction and notes Henry and Olga Claridge.
|
| 260 |
|
|
|a London :
|b Wordsworth Classics,
|c 2001
|
| 300 |
|
|
|a xxix, 994 p. :
|c 20 cm.
|
| 490 |
0 |
|
|a Wordsworth Classics
|
| 541 |
1 |
|
|e 00020334
|
| 650 |
|
0 |
|a Napoleonic Wars, 1800-1815
|x Campaigns
|z Russia
|x Fiction.
|
| 651 |
|
0 |
|a Russia
|x History
|y Alexander I, 1801-1825
|x Fiction.
|
| 700 |
1 |
|
|a Maude, Louise Shanks,
|d 1855-1939.
|
| 700 |
1 |
|
|a Maude, Aylmer,
|d 1858-1938.
|
| 830 |
|
0 |
|a Great books of the Western world (1990) ;
|v 51.
|
| 852 |
4 |
|
|a Ayesha Abed Library
|j General shelf
|
| 999 |
|
|
|c 8711
|d 8711
|
| 952 |
|
|
|0 0
|1 0
|2 ddc
|4 0
|6 891_733000000000000_TOL_2001
|7 0
|9 10512
|a BRACUL
|b BRACUL
|c GEN
|d 2010-05-25
|l 9
|m 84
|o 891.733 TOL
|p 3010020334
|q 2026-05-07
|r 2025-06-21
|s 2025-06-21
|t 1
|w 2010-05-25
|y BK
|
| 952 |
|
|
|0 0
|1 4
|2 ddc
|4 0
|6 891_733000000000000_TOL
|7 0
|9 10520
|a BRACUL
|b BRACUL
|c GEN
|d 2010-05-25
|l 0
|o 891.733 TOL
|p 3010020277
|r 2010-05-25
|t 2
|w 2010-05-25
|y BK
|x Koha Inventory 2020
|